| 000 | 00549nam a2200133Ia 4500 | ||
|---|---|---|---|
| 008 | 171207s9999 xx 000 0 und d | ||
| 100 | _aGasparic, Marko | ||
| 245 | 2 | _aA graphical user interface for presenting integrated development environment command recommendations: Design, evaluation, and implementation | |
| 245 | _cMarko Gasparic, Andrea Janes, Francesco Ricci, Gail C. Murphy, Tural Gurbanov | ||
| 260 | _c2017 | ||
| 300 | _apages 236-255, August 2017 | ||
| 440 |
_aInformation and Software Technology _v92: |
||
| 650 | _aSOFTWARE TECHNLOGY | ||
| 999 |
_c347629 _d347629 |
||